[Event "Scandic Cup"]
[Site "Odense"]
[Date "1991.??.??"]
[Round "9"]
[White "Burgess, Graham"]
[Black "Friis, Carsten Bank"]
[Result "1/2-1/2"]
[WhiteElo "2300"]
[BlackElo "2305"]

1.d4 Nf6 2.Nf3 e6 3.c4 b6 4.a3 c5 5.d5 Ba6 6.Qc2 exd5 7.cxd5 g6 8.Bf4 d6
9.Nc3 Bg7 10.Qa4+ Qd7 11.Qxd7+ Kxd7 12.h3 Re8 13.Nd2 b5 14.e3 b4 15.axb4 Bxf1
16.Kxf1 cxb4 17.Nb5 Nxd5 18.Nxd6 Re6 19.Nxf7 Nxf4 20.exf4 Bxb2 21.Rb1 Bc3
22.Ne5+ Bxe5 23.fxe5 a5 24.f4 Ke7 25.Ke2 Nc6 26.Rhc1 a4 27.Ke3 g5 28.g3 b3
29.Nxb3 axb3 30.Rxb3 gxf4+ 31.gxf4 Nxe5  1/2-1/2

[Event "Oviedo rapid"]
[Site "Oviedo"]
[Date "1991.??.??"]
[Round "6"]
[White "Rojo Huerta, Gabriel"]
[Black "Vladimirov, Evgeny"]
[Result "0-1"]
[WhiteElo "2280"]
[BlackElo "2575"]

1.d4 Nf6 2.c4 e6 3.Nf3 b6 4.a3 Bb7 5.Nc3 d5 6.cxd5 Nxd5 7.Qc2 Nxc3 8.bxc3 Be7
9.e4 O-O 10.Bd3 c5 11.O-O Nc6 12.Bb2 Rc8 13.Qe2 g6 14.Rad1 cxd4 15.cxd4 Bf6
16.Qe3 Na5 17.Nd2 Qd7 18.e5 Be7 19.Rfe1 b5 20.h4 Nc4 21.Bxc4 bxc4 22.Rc1 Bxh4
23.Qh6 Qe7 24.Bc3 Qg5 25.Qxg5 Bxg5 26.Bb4 Rfd8 27.Rxc4 Rxc4 28.Nxc4 Rxd4
29.Nd6 Bc6 30.f3 Rd3 31.Nc8 Bb7 32.Nd6 Bc6 33.Nc8 Bd7 34.Nd6 Bh4 35.Rc1 Bg3
36.Bc3 Bf4  0-1

[Event "Porz op27"]
[Site "Porz"]
[Date "1991.??.??"]
[Round "6"]
[White "Dokhoian, Yury"]
[Black "Szekely, Peter"]
[Result "1/2-1/2"]
[WhiteElo "2540"]
[BlackElo "2430"]

1.d4 Nf6 2.c4 e6 3.Nf3 b6 4.a3 Ba6 5.Qc2 Bb7 6.Nc3 c5 7.dxc5 Bxc5 8.Bg5 Be7
9.e4 d6 10.Rd1 Nbd7 11.Bf4 Qb8 12.Be2 O-O 13.O-O a6 14.Rfe1 Qc7 15.Bf1 Rfd8
16.h3 Rac8 17.Bh2 Qb8 18.Nd2 Ba8 19.Qb1 Qa7 20.Nf3 Qb8 21.Bf4 Qc7 22.Rc1 Qb8
23.b4 Bb7 24.Nd2 Ba8 25.Be3 Bb7 26.Bf4 Ba8 27.Rc2 Bb7 28.Kh1 Qa8 29.Rcc1 Qb8
30.Bh2 Bf8 31.f3 g6 32.Rc2 Bg7 33.Nb3 Ne8 34.Qc1 Ne5 35.Nd1 Bc6 36.Nb2 Qa8
37.Qe3 Qb8 38.Nd4 Ba8 39.Rec1 Nd7 40.Nd3 Qa7 41.Bg1 Qb8 42.Bh2 Qa7 43.Ne2 Bc6
44.Nc3 Ba8 45.Nf2 Ne5 46.Na4 Rb8 47.f4 Nc6 48.Rd1 b5  1/2-1/2

[Event "Reggio Emilia91 Top15"]
[Site "Reggio Emilia"]
[Date "1991.??.??"]
[Round "?"]
[White "Portisch, Lajos"]
[Black "Romanishin, Oleg M"]
[Result "1/2-1/2"]
[WhiteElo "2590"]
[BlackElo "2610"]

1.d4 Nf6 2.c4 e6 3.Nf3 b6 4.a3 Bb7 5.Nc3 g6 6.d5 exd5 7.cxd5 Bg7 8.Bg5 O-O
9.e3 Qe8 10.Bxf6 Bxf6 11.Qc2 Bg7 12.h4 h5 13.Bc4 d6 14.Nb5 Qe7 15.Ba2 Nd7
16.Rc1 Ba6 17.Bc4 Nf6 18.O-O Bb7 19.Rfd1 a6 20.Nbd4 Ng4 21.Ba2 Rac8 22.g3 Bh6
23.Re1 Qf6 24.Kg2 Rfe8 25.Qc3 Re5 26.b4 Rxd5 27.Bxd5 Bxd5 28.e4 Bb7 29.Rc2 c5
30.Nb3 Qe7 31.bxc5 dxc5 32.Rce2 Bg7 33.e5 Qe6 34.Nd2 Re8 35.Ne4 Nxe5 36.Nfg5 Qc4
37.f3 Rd8  1/2-1/2

[Event "Sao Paulo op"]
[Site "Sao Paulo"]
[Date "1991.??.??"]
[Round "5"]
[White "Sakaev, Konstantin"]
[Black "Milos, Gilberto"]
[Result "1/2-1/2"]
[WhiteElo "2450"]
[BlackElo "2530"]

1.d4 Nf6 2.Nf3 e6 3.c4 b6 4.a3 Ba6 5.Qc2 Bb7 6.Nc3 c5 7.e4 cxd4 8.Nxd4 Bc5
9.Nb3 Nc6 10.Bd3 O-O 11.O-O h6 12.Nxc5 bxc5 13.Be3 d6 14.f3 Rb8 15.Rfd1 Qe7
16.Bf1 Rfd8 17.Rab1 Ba8 18.Qa4 a5 19.Bf2 Ne8 20.Nb5 g6 21.Be1 Rd7 22.Bc3 Bb7
23.Rd3 Ra8 24.Qd1 e5 25.Qd2 Qg5 26.Qe1 a4 27.Bd2 Qf6 28.Nc3 Nd4 29.Nd5 Bxd5
30.exd5 g5 31.Bc3 Ng7 32.Rd2 Nh5 33.Rf2 Nf4 34.Rd1 h5 35.g3 Ng6 36.Qe4 Kg7
37.Bd3 Re7 38.Rdf1 h4 39.gxh4 Nxh4 40.Qh7+ Kf8 41.Qh5 Kg7 42.Qh7+ Kf8 43.Qh5 Kg7
44.Bd2 Rh8 45.Qxg5+ Qxg5+ 46.Bxg5 f6 47.Be3 f5 48.Be2 Kf6 49.Bd1 f4 50.Bxd4 cxd4
51.Bxa4 Rg7+ 52.Kh1 Nf5 53.Rd1 d3 54.Rxd3 Ng3+ 55.Kg1 Ne4+ 56.Rg2 Rxg2+ 57.Kxg2 Nc5
58.Bc2 Nxd3 59.Bxd3 Rb8 60.b4 Ra8 61.c5  1/2-1/2

[Event "Schoeneck"]
[Site "Schoeneck"]
[Date "1991.??.??"]
[Round "6"]
[White "Alber, Horst"]
[Black "Zahn, Nicol"]
[Result "1-0"]
[WhiteElo "2345"]
[BlackElo "2010"]

1.d4 Nf6 2.c4 e6 3.Nf3 b6 4.a3 c5 5.d5 exd5 6.cxd5 d6 7.Nc3 g6 8.e4 Bg7 9.Bb5+ Nfd7
10.Bg5 f6 11.Bh4 O-O 12.Bc6 Nxc6 13.dxc6 Ne5 14.Qd5+ Nf7 15.c7 Qxc7 16.Qxa8 Bb7
17.Qxa7 Ra8 18.Nd5  1-0

[Event "Rilton Cup"]
[Site "Stockholm"]
[Date "1991.??.??"]
[Round "8"]
[White "Khenkin, Igor"]
[Black "Schneider, Lars Ake"]
[Result "1-0"]
[WhiteElo "2460"]
[BlackElo "2445"]

1.d4 Nf6 2.c4 e6 3.Nf3 b6 4.a3 d5 5.cxd5 exd5 6.Nc3 Be7 7.Qa4+ Bd7 8.Qc2 O-O
9.Bg5 Be6 10.e3 c5 11.Rd1 h6 12.Bxf6 Bxf6 13.dxc5 bxc5 14.Bc4 Bxc3+ 15.Qxc3 Nc6
16.O-O Ne7 17.Ba2 d4 18.exd4 Bxa2 19.dxc5 Qb8 20.Nd4 Bd5 21.Rfe1 Re8 22.b4 Qf4
23.Nb5 Bc6 24.g3 Qg5 25.Nc7 Red8 26.Nxa8 Rxa8 27.Rd6 Nd5 28.Qc1 Rc8 29.b5 Ba8
30.Qxg5 hxg5 31.Rd1  1-0

[Event "Strasbourg op"]
[Site "Strasbourg"]
[Date "1991.??.??"]
[Round "3"]
[White "Szabolcsi, Janos"]
[Black "Bach, Edwin"]
[Result "1-0"]
[WhiteElo "2350"]
[BlackElo "2140"]

1.d4 Nf6 2.c4 e6 3.Nf3 b6 4.a3 Ba6 5.Qc2 Bb7 6.Nc3 c5 7.e4 cxd4 8.Nxd4 d6
9.Bg5 a6 10.O-O-O Nbd7 11.f4 Be7 12.Be2 O-O 13.g4 Rc8 14.Bxf6 Bxf6 15.g5 Be7
16.h4 Re8 17.Kb1 Bf8 18.h5 Nc5 19.b4 Nd7 20.g6 fxg6 21.hxg6 h6 22.Qb3 Kh8
23.Bg4 Qf6 24.Ka2 Nb8 25.f5 Nd7 26.Nxe6 Ne5 27.Be2 Rxe6 28.fxe6 Qxg6 29.c5 dxc5
30.bxc5 Bxc5 31.Bh5 Qg2+ 32.Qb2 Qxb2+ 33.Kxb2 g6 34.Bxg6 Nxg6 35.Rd7 Bf8
36.Rxb7 Bg7 37.e5 Nxe5 38.Kb3 Nd3 39.Ne4 b5 40.e7 Re8 41.Rd1  1-0

[Event "SWE-ch"]
[Site "SWE"]
[Date "1991.??.??"]
[Round "1"]
[White "Lundin, Anders"]
[Black "Brynell, Stellan"]
[Result "0-1"]
[WhiteElo "2295"]
[BlackElo "2390"]

1.d4 e6 2.Nf3 Nf6 3.c4 b6 4.a3 Bb7 5.Nc3 g6 6.d5 exd5 7.cxd5 Bg7 8.g3 O-O
9.Bg2 c5 10.O-O d6 11.Nd2 Ba6 12.a4 Nbd7 13.Nb5 Bxb5 14.axb5 Ne8 15.Ne4 Ndf6
16.Nc3 Nc7 17.e4 Nd7 18.Qe2 Re8 19.Be3 Qb8 20.f4 a6 21.e5 Ra7 22.Bh3 Nf8
23.Qd3 axb5 24.Nxb5 Nxb5 25.Qxb5 Rxa1 26.Rxa1 dxe5 27.d6 Rd8 28.d7 f5 29.Rd1 Qc7
30.fxe5 Bxe5 31.Qc4+ Kg7 32.b4 Rxd7 33.Rxd7+ Nxd7 34.Bg2 Qd6 35.bxc5 bxc5
36.Qh4 Bd4 37.Qh6+ Kg8 38.Kf1 Bxe3 39.Qxe3 Qd1+ 40.Kf2 Qd4 41.Qxd4 cxd4  0-1

[Event "SWE-ch"]
[Site "SWE"]
[Date "1991.??.??"]
[Round "14"]
[White "Lundin, Anders"]
[Black "Aaberg, Anton"]
[Result "1/2-1/2"]
[WhiteElo "2295"]
[BlackElo "2235"]

1.d4 Nf6 2.c4 e6 3.Nf3 b6 4.a3 Ba6 5.e3 d5 6.b3 Be7 7.Bd3 O-O 8.O-O Nbd7
9.Nbd2 Bb7 10.Qe2 c5 11.Bb2 cxd4 12.exd4 Rc8 13.Rad1 Rc7 14.Rfe1  1/2-1/2

[Event "Tel Aviv-B"]
[Site "Tel Aviv"]
[Date "1991.??.??"]
[Round "1"]
[White "Shvidler, Eliahu"]
[Black "Tsesarsky, Ilya"]
[Result "1-0"]
[WhiteElo "2425"]
[BlackElo "2440"]

1.d4 Nf6 2.Nf3 e6 3.c4 b6 4.a3 c5 5.e3 Bb7 6.Nc3 cxd4 7.exd4 d5 8.cxd5 Nxd5
9.Ne5 a6 10.Qf3 Qf6 11.Qg3 Nxc3 12.bxc3 Bd6 13.Bd3 Nc6 14.f4 g6 15.Rb1 Qd8
16.O-O O-O 17.h4 Ne7 18.h5 Nf5 19.Qh3 Rc8 20.Bb2 b5 21.Rbe1 Rc7 22.Ng4 Bd5
23.Rf2 f6 24.Be4 Qa8 25.Bb1 Qc8 26.Bd3 Qb7 27.g3 gxh5 28.Bxf5 hxg4 29.Qxg4+ Rg7
30.Bxe6+ Kh8 31.Qh4 f5 32.Bxd5 Qxd5 33.Re3 Rfg8 34.Qf6 Rf8 35.Qh4 Rg4 36.Qh6 Rg6
37.Qh1 Qa2 38.Qg2 Rfg8 39.Rff3 Qb1+ 40.Rf1 Qa2 41.Rff3 Bxa3 42.Bxa3 Qxa3
43.Qe2 Qf8 44.Re7 R6g7 45.Rfe3 Qf6 46.Rxg7 Qxg7 47.d5 Qc7 48.Kf2 Qd6 49.c4 Qh6
50.Kg2 bxc4 51.Qxc4 Qf6 52.d6 Rd8 53.d7 Rxd7 54.Re8+ Kg7 55.Qg8+ Kh6 56.Re6 Qg6
57.Qf8+ Rg7  1-0

[Event "Tel Aviv"]
[Site "Tel Aviv"]
[Date "1991.??.??"]
[Round "4"]
[White "Gofshtein, Leonid D"]
[Black "Gruenfeld, Yehuda"]
[Result "1/2-1/2"]
[WhiteElo "2440"]
[BlackElo "2505"]

1.d4 Nf6 2.c4 e6 3.Nf3 b6 4.a3 Bb7 5.Nc3 Ne4 6.Nxe4 Bxe4 7.e3 Be7 8.Bd2 a5
9.Bc3 O-O 10.Bd3 Bxd3 11.Qxd3 d5 12.cxd5 exd5 13.O-O Qd6 14.Rfd1 Nd7 15.Rac1 Qe6
16.h3 h6 17.b4 axb4 18.axb4 Ra3 19.Qc2 Rfa8 20.b5 Bd6 21.Bb2 R3a5 22.Qb3 Nf6
23.Ne5 Qe8 24.Rc6 Ra4 25.Nd3 Qe4  1/2-1/2

[Event "Ter Apel"]
[Site "Ter Apel"]
[Date "1991.??.??"]
[Round "5"]
[White "Cramling, Pia"]
[Black "Csom, Istvan"]
[Result "1-0"]
[WhiteElo "2470"]
[BlackElo "2480"]

1.d4 Nf6 2.c4 e6 3.Nf3 b6 4.a3 Ba6 5.Qc2 Bb7 6.Nc3 c5 7.e4 cxd4 8.Nxd4 Nc6
9.Nxc6 Bxc6 10.Bf4 Nh5 11.Be3 Qb8 12.g3 Be7 13.Bd3 Nf6 14.h3 d6 15.O-O a6
16.Rae1 O-O 17.f4 b5 18.cxb5 axb5 19.Kh2 Rc8 20.Qe2 h6 21.Bd2 e5 22.Rf2 Qb7
23.Ref1 Rd8 24.Bc2 Rab8 25.Bb1 Qd7 26.b4 Ra8 27.Bc1 Qb7 28.Bb2 Re8 29.fxe5 dxe5
30.Ba2 Qd7 31.Rd1 Qa7 32.Rdf1 Qb7 33.Nd5 Nxe4 34.Qxe4 Bf8  1-0

[Event "Terrassa"]
[Site "Terrassa"]
[Date "1991.??.??"]
[Round "3"]
[White "Boensch, Uwe"]
[Black "Garcia Ilundain, David"]
[Result "1/2-1/2"]
[WhiteElo "2470"]
[BlackElo "2325"]

1.d4 Nf6 2.c4 e6 3.Nf3 b6 4.a3 Bb7 5.Nc3 g6 6.Qc2 Bxf3 7.gxf3 Bg7 8.Bg2 O-O
9.f4 Nc6 10.e3 Na5 11.Ne2 d5 12.cxd5 exd5 13.O-O Qd7 14.Bd2 Nc4 15.Bc3 Rfe8
16.Rfc1 Rac8 17.b3 Nd6 18.Be1 c6 19.Qd3 Ng4 20.Ra2 Nf5 21.Ng3 Nh4 22.Bh1 Bf6
23.Re2 Nh6 24.b4 Qh3 25.f3 Qd7 26.Bf2 Kh8 27.Rec2 N4f5 28.Bg2 Nh4 29.a4 Nxg2
30.Kxg2 Bh4 31.b5 cxb5 32.Rxc8 Rxc8 33.Qxb5 Rd8 34.Qxd7 Rxd7 35.e4 Bxg3 36.hxg3 Kg7
37.Rc8 Ng8 38.g4 Re7 39.Bh4 g5 40.Bxg5 f6 41.Bh4 dxe4 42.Rd8 exf3+ 43.Kxf3 Rc7
44.d5 Nh6 45.d6 Rc3+ 46.Ke4 Rc4+ 47.Kd5 Rxf4 48.d7 Nf7 49.Re8 Rxa4 50.Re7 Ra5+
51.Ke4 Ra4+ 52.Kd3 Ra3+ 53.Kc2 Ra2+ 54.Kc3 Ra3+ 55.Kc2 Ra2+ 56.Kc1 Ra1+ 57.Kc2 Ra2+
58.Kc3 Ra3+ 59.Kc2 Ra2+ 60.Kc3 Ra3+  1/2-1/2

[Event "Teteven op"]
[Site "Teteven"]
[Date "1991.??.??"]
[Round "4"]
[White "Sherbakov, Ruslan"]
[Black "Pantev, Veselin"]
[Result "1/2-1/2"]
[WhiteElo "2505"]
[BlackElo "2265"]

1.d4 Nf6 2.Nf3 e6 3.c4 b6 4.a3 Bb7 5.Nc3 d5 6.cxd5 Nxd5 7.e3 Be7 8.Bb5+ c6
9.Bc4 O-O 10.e4 Nxc3 11.bxc3 Qc8 12.O-O Ba6 13.Qe2 Bxc4 14.Qxc4 Qa6 15.Qxa6 Nxa6
16.c4 f6 17.h4 Bd6 18.Be3 e5 19.dxe5 fxe5 20.Rad1 Bc7 21.Rd7 Rad8 22.Rfd1 Nb8
23.Rxd8 Rxd8 24.Rxd8+ Bxd8 25.Nxe5 Bxh4 26.a4 Bf6 27.Nd3 Nd7 28.Kf1 Ne5 29.Nxe5 Bxe5
30.Ke2 h5 31.f4 Bc7 32.Kf3 Kf7 33.g4 hxg4+ 34.Kxg4 a6 35.e5 b5 36.axb5 axb5
37.cxb5 cxb5 38.Bd4 g6 39.Kg5  1/2-1/2

[Event "Teteven op"]
[Site "Teteven"]
[Date "1991.??.??"]
[Round "9"]
[White "Sherbakov, Ruslan"]
[Black "Padevsky, Nikola"]
[Result "1-0"]
[WhiteElo "2505"]
[BlackElo "2425"]

1.d4 Nf6 2.Nf3 b6 3.c4 e6 4.a3 Bb7 5.Nc3 d5 6.cxd5 exd5 7.g3 Bd6 8.Bg2 O-O
9.O-O Re8 10.Bg5 c6 11.Re1 Nbd7 12.e4 dxe4 13.Nxe4 Be7 14.Nc3 Nd5 15.Nxd5 cxd5
16.Bf4 Nf8 17.Ne5 Ne6 18.Nxf7 Kxf7 19.Rxe6 Kg8 20.Qb3 Rf8 21.Rae1 Rf7 22.R6e5  1-0

[Event "Valby K41"]
[Site "Valby"]
[Date "1991.??.??"]
[Round "7"]
[White "Razuvaev, Yuri S"]
[Black "Cramling, Pia"]
[Result "1/2-1/2"]
[WhiteElo "2590"]
[BlackElo "2485"]

1.d4 Nf6 2.c4 e6 3.Nf3 b6 4.a3 Ba6 5.Qc2 Bb7 6.Nc3 c5 7.e4 cxd4 8.Nxd4 Bc5
9.Nb3 Nc6 10.Bg5 h6 11.Bh4 Nd4 12.Nxd4 Bxd4 13.Bd3 Qb8 14.Bg3 Be5 15.O-O-O O-O
16.Kb1 Rc8 17.Rhe1 Ba6 18.Qa4 Bb7 19.Qc2 Ba6 20.Qa4 Bb7 21.Qc2  1/2-1/2

[Event "Vienna"]
[Site "Vienna"]
[Date "1991.??.??"]
[Round "2"]
[White "Christiansen, Larry Mark"]
[Black "Schroll, Gerhard"]
[Result "1-0"]
[WhiteElo "2600"]
[BlackElo "2370"]

1.d4 Nf6 2.c4 e6 3.Nf3 b6 4.a3 Bb7 5.Nc3 g6 6.Qc2 Bg7 7.e4 d5 8.cxd5 exd5
9.e5 Ne4 10.Bd3 f5 11.exf6 Nxf6 12.Qe2+ Qe7 13.Qxe7+ Kxe7 14.O-O Re8 15.Bf4 Kd8
16.Nb5 Na6 17.Rac1 Re7 18.Rfe1 Rxe1+ 19.Rxe1 Bf8 20.Bg5 Be7 21.Ne5 c5 22.Ng4  1-0

[Event "URS-sf"]
[Site "Voronezh"]
[Date "1991.??.??"]
[Round "?"]
[White "Zakharevich, Igor"]
[Black "Poluljahov, Aleksandr"]
[Result "1-0"]
[WhiteElo "2310"]
[BlackElo "2360"]

1.d4 e6 2.c4 Nf6 3.Nf3 b6 4.a3 Ba6 5.e3 d5 6.Nbd2 c5 7.dxc5 bxc5 8.Qa4+ Qd7
9.Qc2 Be7 10.b3 O-O 11.Bb2 h6 12.g4 Nxg4 13.Rg1 f5 14.h3 Nf6 15.O-O-O Bd6
16.Rg2 d4 17.exd4 cxd4 18.Nxd4 Bb7 19.N2f3 Nc6 20.Nb5 Bf4+ 21.Kb1 Qf7 22.Be2 Rad8
23.Rdg1 g5 24.Qc3 a6 25.Nxg5 hxg5 26.Rxg5+ Kh7 27.Rg7+ Qxg7 28.Rxg7+ Kxg7
29.Qf3 e5 30.Nc7 Kf7 31.c5 Rd7 32.Bxa6 Bxa6 33.Nxa6 Ne4 34.Qh5+ Kg7 35.Nb4 Nd4
36.Nd3 Nf6 37.Qd1 Nc6 38.Nxf4 exf4 39.Qg1+ Kf7 40.Qg5 Ke6 41.Qxf4 Rg8 42.Qc4+ Nd5
43.Qe2+ Kf7 44.Qh5+  1-0

[Event "AUT-chT"]
[Site "AUT"]
[Date "1992.??.??"]
[Round "?"]
[White "Stohl, Igor"]
[Black "Farago, Ivan"]
[Result "1-0"]
[WhiteElo "2560"]
[BlackElo "2520"]

1.c4 Nf6 2.d4 e6 3.Nf3 b6 4.a3 Ba6 5.Qc2 Bb7 6.Nc3 c5 7.dxc5 bxc5 8.Bf4 d6
9.Rd1 Qb6 10.e3 Be7 11.Be2 O-O 12.O-O Nbd7 13.Rd2 Rfd8 14.Rfd1 Nf8 15.Ng5 Rd7
16.Bf3 Bxf3 17.Nxf3 Ng6 18.Bg5 Rad8 19.h3 h6 20.Bxf6 Bxf6 21.Ne4 Be7 22.Qa4 f5
23.Ng3 Rb7 24.b4 cxb4 25.Nd4 Nf8 26.axb4 Qxb4 27.Qxb4 Rxb4 28.Nc6 Rxc4 29.Nxe7+ Kf7
30.Nexf5 exf5 31.Nxf5 Kg6 32.g4 Rc7 33.Rxd6+ Rxd6 34.Rxd6+ Kh7 35.Nd4 Nd7
36.Ne6 Rc1+ 37.Kg2 Nc5 38.Nxc5 Rxc5 39.Ra6 Rc7 40.h4 Re7 41.h5 Kg8 42.Kf3 Kf8
43.e4 Ke8 44.Ke3 Kd8 45.f4 Kc8 46.g5 hxg5 47.fxg5 Kb7 48.Ra1 Kb6 49.h6 gxh6
50.gxh6 Rh7 51.Rh1 Kc5 52.Kf4 a5 53.Kf5  1-0

[Event "Baden-Baden"]
[Site "Baden-Baden"]
[Date "1992.??.??"]
[Round "9"]
[White "Boensch, Uwe"]
[Black "Psakhis, Lev"]
[Result "1/2-1/2"]
[WhiteElo "2490"]
[BlackElo "2570"]

1.d4 Nf6 2.c4 e6 3.Nf3 b6 4.a3 c5 5.Nc3 cxd4 6.Nxd4 Bb7 7.f3 d6 8.e4 Nbd7
9.Be3 Be7 10.Be2 O-O 11.O-O a6 12.Nb3 Qc7 13.Rc1 Rac8 14.Qe1 Qb8 15.Qf2 Bd8
16.Nd2 Re8 17.b4 d5 18.cxd5 exd5 19.exd5 Bc7 20.f4 b5 21.Bd4 Bxd5 22.Nxd5 Nxd5
23.Bg4 Rcd8 24.g3 N7f6 25.Bf3 Bb6 26.Bxb6 Nxb6 27.Rfe1 Rxe1+ 28.Rxe1 Qd6
29.Rd1 Qc7 30.Qc5 Qb8 31.Nb3 Rxd1+ 32.Bxd1 Nc4 33.Na5 Qd8 34.Bf3 Nd2 35.Bb7 g6
36.Qc8 Qxc8 37.Bxc8 Nb1 38.Bxa6 Nxa3 39.Nc6 Nd5 40.Nd4 Nxb4 41.Bxb5 Nxb5
42.Nxb5 f5  1/2-1/2

[Event "Bankia tt"]
[Site "Bankia"]
[Date "1992.??.??"]
[Round "4"]
[White "Dobrev, Nanko"]
[Black "Kolev, Atanas"]
[Result "0-1"]
[WhiteElo "2405"]
[BlackElo "2445"]

1.d4 Nf6 2.Nf3 e6 3.c4 b6 4.a3 Bb7 5.Nc3 d5 6.cxd5 exd5 7.Bg5 Be7 8.e3 O-O
9.Be2 Ne4 10.Nxe4 dxe4 11.Bxe7 Qxe7 12.Nd2 Nd7 13.O-O c5 14.Nb3 Rfd8 15.Rc1 Ne5
16.Rc2 Rd6 17.Rd2 Nf3+ 18.Bxf3 exf3 19.dxc5 Rxd2 20.Nxd2 Rd8 21.c6 Ba6 22.Re1 Qd6
23.c7 Qxc7 24.Qa4 fxg2 25.Qxa6 Rxd2 26.Qb5 g6 27.Kxg2 Qe7 28.e4 Qh4 29.Qe8+ Kg7
30.Qe5+ Kg8 31.Qe8+ Kg7 32.Qe5+ Qf6 33.Qxf6+ Kxf6 34.b4 Rd3 35.Ra1 Ke5 36.a4 Rd4
37.b5 Rxe4 38.Kg3 Rb4 39.f3 g5 40.a5 Rxb5 41.axb6 axb6 42.Ra7 Kf6 43.h4 h6
44.hxg5+ hxg5 45.Rb7 Rb3 46.Kf2 Kg6 47.Rb8 Kf5 48.Rf8 f6 49.Kg2 b5 50.Kf2 b4
51.Kg2 Rb2+ 52.Kg3 b3 53.Rb8 Rb1 54.Rb5+ Kg6 55.Rb7 Kf5 56.Rb5+ Ke6 57.Kg2 b2
58.Rb3 Kf5 59.Rb4 Kg6 60.Rb5 f5 61.Rb6+ Kh5 62.Rb4 f4 63.Rb5 Kh4  0-1

[Event "Barcelona UGA"]
[Site "Barcelona"]
[Date "1992.??.??"]
[Round "1"]
[White "Moran, Augusto"]
[Black "Pogorelov, Ruslan"]
[Result "1/2-1/2"]
[WhiteElo "2375"]
[BlackElo "2385"]

1.d4 Nf6 2.c4 e6 3.Nf3 b6 4.a3 Ba6 5.Qc2 Bb7 6.Nc3 c5 7.dxc5 bxc5 8.Bf4 a6
9.Rd1 Be7 10.e3 h6 11.Be2 Qb6 12.h3 O-O 13.O-O Rd8 14.Rd2 d5 15.Rfd1 Nbd7
16.Ne5 Nxe5 17.Bxe5 dxc4 18.Bxc4 Rxd2 19.Rxd2 Qc6 20.Bf1  1/2-1/2

[Event "Barcelona UGA"]
[Site "Barcelona"]
[Date "1992.??.??"]
[Round "3"]
[White "Moran, Augusto"]
[Black "Estremera Panos, Sergio"]
[Result "1-0"]
[WhiteElo "2375"]
[BlackElo "2330"]

1.d4 Nf6 2.c4 e6 3.Nf3 b6 4.a3 Bb7 5.Nc3 d5 6.cxd5 Nxd5 7.Bd2 Be7 8.Qc2 Nxc3
9.Bxc3 Qd5 10.e3 Nd7 11.Bd3 Nf6 12.O-O-O O-O 13.Ne5 c5 14.dxc5 Qxc5 15.Nd7 Nxd7
16.Bxh7+ Kh8 17.Rxd7 Bc6 18.Rc7 Ba4 19.Qe2 Qg5 20.f4 Qd5 21.Qg4 Bf6 22.Qh3  1-0

[Event "Barcelona UGA"]
[Site "Barcelona"]
[Date "1992.??.??"]
[Round "6"]
[White "Estremera Panos, Sergio"]
[Black "Pogorelov, Ruslan"]
[Result "0-1"]
[WhiteElo "2330"]
[BlackElo "2385"]

1.d4 Nf6 2.c4 e6 3.Nf3 b6 4.a3 Ba6 5.Qc2 Bb7 6.Nc3 c5 7.dxc5 bxc5 8.Bf4 a6
9.Rd1 Be7 10.e3 O-O 11.Be2 d6 12.O-O Qc7 13.Rd2 Nbd7 14.Rfd1 e5 15.Bg5 h6
16.Bxf6 Nxf6 17.h3 Bc6 18.b4 cxb4 19.axb4 Rfc8 20.Rb1 Bf8 21.Rb2 Bd7 22.Ne4 Nxe4
23.Qxe4 Bc6 24.Qb1 g6 25.Qd1 Be4 26.Ne1 Qe7 27.Kh2 Bb7 28.c5 d5 29.e4 d4
30.Bd3 a5 31.bxa5 Rxa5 32.Qb3 Ba8 33.Rdc2 Raxc5 34.Rxc5 Rxc5 35.Qb8 Bc6 36.Nf3 Qe8
37.Qa7 Qa8 38.Qc7 Bxe4 39.Bxe4 Qxe4 40.Qd8 Qf4+ 41.Kh1 Rc1+ 42.Ng1 Rxg1+  0-1

[Event "Beersheba"]
[Site "Beersheba"]
[Date "1992.??.??"]
[Round "6"]
[White "Greenfeld, Alon"]
[Black "Kortschnoj, Viktor"]
[Result "0-1"]
[WhiteElo "2520"]
[BlackElo "2585"]

1.d4 Nf6 2.c4 e6 3.Nf3 b6 4.a3 Bb7 5.Nc3 d5 6.Qa4+ Qd7 7.Qc2 dxc4 8.e4 b5
9.Bf4 a6 10.O-O-O Be7 11.g4 Bd6 12.Bg5 h6 13.Bh4 Bf4+ 14.Kb1 Qe7 15.e5 Bxf3
16.exf6 gxf6 17.Rg1 Nd7 18.Bg2 Bxg2 19.Rxg2 Nb6 20.Qe4 Bg5 21.Bg3 O-O-O 22.f4 f5
23.gxf5 Bf6 24.Re2 Rhe8 25.fxe6 Qxe6 26.Qh7 Qd7 27.Re5 Bxe5 28.fxe5 Qg4 29.Qxh6 Rxd4  0-1

[Event "Beersheba-B"]
[Site "Beersheba"]
[Date "1992.??.??"]
[Round "7"]
[White "Mikhalevski, Alexander"]
[Black "Tsesarsky, Ilya"]
[Result "1-0"]
[WhiteElo "2400"]
[BlackElo "2450"]

1.d4 Nf6 2.c4 e6 3.Nf3 b6 4.a3 c5 5.d5 exd5 6.cxd5 g6 7.Nc3 Bg7 8.e4 O-O
9.Bg5 h6 10.Bf4 Re8 11.Nd2 Nxe4 12.Ncxe4 f5 13.Bd3 fxe4 14.Nxe4 c4 15.Bc2 c3
16.O-O cxb2 17.Rb1 d6 18.Nxd6 Rf8 19.Qd2 Qf6 20.Bg3 Bf5 21.Nc4 Nd7 22.Bxf5 Qxf5
23.Nxb2 Nf6 24.Rbd1 Ne4 25.Qb4 Rae8 26.Nc4 Bc3 27.Qb3 b5 28.Nd6 Nxd6 29.Bxd6 Rf6
30.Bg3 Be5 31.d6+ Qe6 32.d7 Rd8 33.Qxe6+ Rxe6 34.Rfe1  1-0

[Event "Beersheba-B"]
[Site "Beersheba"]
[Date "1992.??.??"]
[Round "9"]
[White "Mikhalevski, Alexander"]
[Black "Zaid, Leonid D"]
[Result "1/2-1/2"]
[WhiteElo "2400"]
[BlackElo "2390"]

1.d4 Nf6 2.c4 e6 3.Nf3 b6 4.a3 Bb7 5.Nc3 g6 6.Bg5 Bg7 7.e3 O-O 8.Be2 h6 9.Bh4 g5
10.Bg3 Nh5 11.O-O Nxg3 12.hxg3 Nc6  1/2-1/2

[Event "Belgrade"]
[Site "Belgrade"]
[Date "1992.??.??"]
[Round "1"]
[White "Cramling, Pia"]
[Black "Maric, Alisa"]
[Result "1/2-1/2"]
[WhiteElo "2530"]
[BlackElo "2400"]

1.d4 Nf6 2.c4 e6 3.Nf3 b6 4.a3 Bb7 5.Nc3 d5 6.cxd5 Nxd5 7.Bd2 Be7 8.Qc2 O-O
9.e4 Nxc3 10.Bxc3 Nd7 11.Rd1 Qc8 12.Bd3 Rd8 13.O-O c5 14.d5 Nf8 15.Bc4 exd5
16.exd5 Ng6 17.Rfe1 Bd6 18.h3 Qd7 19.Bd3 Re8 20.Bf5 Qc7 21.Rxe8+ Rxe8 22.Qa4 Rd8
23.Qg4 Bc8 24.Nh4 Bxf5 25.Nxf5 f6 26.h4 Ne5 27.Qe4 g6 28.Nxd6 Qxd6 29.h5 Kf7
30.Qf4 Kg7 31.h6+ Kg8 32.Re1 Re8 33.Qa4 Re7 34.Bxe5 fxe5 35.Qe4 g5 36.Qf5 Qxd5
37.Qxg5+ Kf8 38.Re3 Qd1+ 39.Kh2 Qd6 40.Rg3 Rf7 41.Qg8+ Ke7 42.Qg5+ Ke8 43.Qh4 Kf8
44.Qh3 Qd7 45.Rg4 Qf5 46.Qg3 Qf6 47.Kg1 Ke7 48.Rg5 Ke6 49.Rg7 Qf4 50.Qh3+ Ke7
51.Rxf7+ Qxf7 52.Qc8 Kf6 53.Qh8+ Ke6 54.f3 Qd7 55.Qg8+ Kf6 56.Kh2 Qe7 57.Qh8+ Ke6
58.Qg8+ Kf6 59.Kg1 Qd7 60.Qh8+ Ke6 61.Qg8+ Kf6 62.Kh2  1/2-1/2

[Event "Bern op"]
[Site "Bern"]
[Date "1992.??.??"]
[Round "7"]
[White "Cramling, Pia"]
[Black "Sokolov, Andrei"]
[Result "1/2-1/2"]
[WhiteElo "2530"]
[BlackElo "2565"]

1.d4 Nf6 2.c4 e6 3.Nf3 b6 4.a3 Bb7 5.Nc3 d5 6.cxd5 Nxd5 7.Bd2 Nd7 8.Qc2 c5
9.e4 N5f6 10.Rd1 cxd4 11.Nxd4 a6 12.Bg5 Qc7 13.Bd3 Rc8 14.Qe2 Bxa3 15.Bxa6 Bxa6
16.Qxa6 Bb4 17.Nb5 Qb8 18.Bxf6 Nxf6 19.Qa4  1/2-1/2

[Event "Biel op"]
[Site "Biel"]
[Date "1992.??.??"]
[Round "2"]
[White "Mikhalevski, Alexander"]
[Black "Sokolov, Andrei"]
[Result "0-1"]
[WhiteElo "2400"]
[BlackElo "2605"]

1.d4 Nf6 2.c4 e6 3.Nf3 b6 4.a3 Bb7 5.Nc3 d5 6.cxd5 Nxd5 7.e4 Nxc3 8.bxc3 Bxe4
9.Ne5 Qh4 10.g3 Qd8 11.Bb5+ c6 12.f3 cxb5 13.fxe4 Nd7 14.Nxd7 Qxd7 15.O-O Rc8
16.Qf3 e5 17.Qf5 Qxf5 18.Rxf5 Bd6 19.dxe5 Be7 20.e6 Bc5+ 21.Kg2 fxe6 22.Rf3 Rf8
23.Bf4 Be7 24.Be5 Rxf3 25.Kxf3 Bf6 26.Bxf6 gxf6 27.Rc1 Rc4 28.Ke3 Ke7 29.Kd3 Ra4
30.Rb1 a6 31.Rb4 Rxa3 32.e5 fxe5 33.Rh4 Kd6 34.Kd2 Ra2+ 35.Ke3 Ra3 36.Kd2 e4
37.Rxh7 e3+ 38.Kxe3 b4 39.Kd2 bxc3+ 40.Kd3 b5 41.Rb7 Kc6 42.Re7 b4 43.Rxe6+ Kd5
44.Re2 Ra1 45.Rf2 a5 46.Rf5+ Ke6 47.Rb5 Rd1+ 48.Kc2 Rd2+  0-1

[Event "Biel op"]
[Site "Biel"]
[Date "1992.??.??"]
[Round "10"]
[White "Belotti, Bruno"]
[Black "Maric, Alisa"]
[Result "0-1"]
[WhiteElo "2405"]
[BlackElo "2390"]

1.d4 Nf6 2.c4 e6 3.Nf3 b6 4.a3 Bb7 5.Nc3 d5 6.cxd5 Nxd5 7.Qc2 Be7 8.e4 Nxc3
9.bxc3 O-O 10.Bd3 c5 11.O-O Qc8 12.Qe2 Ba6 13.Bf4 Bxd3 14.Qxd3 Qa6 15.Qxa6 Nxa6
16.a4 cxd4 17.cxd4 Nb4 18.a5 b5 19.a6 Rfc8 20.Ra5 Nd3 21.Bg3 b4 22.Rb5 Nc1
23.Re1 b3 24.Kf1 b2 25.Rxb2 Nd3 26.Rb7 Nxe1 27.Kxe1 Bd8 28.Ne5 f6 29.Nd7 Rc6
30.d5 exd5 31.exd5 Rxa6 32.d6 Rc6 33.Nb8 Rb6 34.Rxb6 axb6 35.Nc6 Kf7 36.Kd2 Ke6
37.Kd3 Kd5 38.Nb4+ Kc5 39.Nc2 b5 40.Kc3 Ba5+ 41.Kb3 Bd2  0-1

[Event "SWE-ch"]
[Site "Borlange"]
[Date "1992.??.??"]
[Round "8"]
[White "Jepson, Christian"]
[Black "Hellsten, Johan"]
[Result "0-1"]
[WhiteElo "2310"]
[BlackElo "2270"]

1.d4 Nf6 2.c4 e6 3.Nf3 b6 4.a3 Ba6 5.Qc2 Bb7 6.Nc3 c5 7.dxc5 bxc5 8.Bg5 Be7
9.Rd1 O-O 10.e3 d6 11.Be2 Nbd7 12.O-O Qb6 13.Rd2 Rfd8 14.Rfd1 h6 15.Bh4 a6
16.Bg3 Nf8 17.Ne1 N8h7 18.Bf3 Rab8 19.Bxb7 Rxb7 20.Nd3 Rbd7 21.Nf4 Qc6 22.Nd3 Nh5
23.Qa4 Qxa4 24.Nxa4 N7f6 25.f3 Nxg3 26.hxg3 Kf8 27.Kf2 Ke8 28.b4 cxb4 29.axb4 d5
30.c5 Ne4+ 31.fxe4 dxe4 32.c6 Rxd3 33.Rxd3 exd3 34.Nb6 Bd6 35.Rxd3 Bxg3+
36.Kxg3 Rxd3 37.c7 Rxe3+ 38.Kf4 Rc3 39.c8=R+ Rxc8 40.Nxc8 Kd7 41.Nb6+ Kc6
42.Nc4 Kb5 43.Nd6+ Kxb4 44.Nxf7 a5 45.Ne5 Kc3 46.Ke3 a4 47.Nd3 a3 48.Nc1 Kc2
49.Na2 Kd1 50.Nb4 g6 51.g4 h5 52.g5 Kc1 53.Kf4 Kb1 54.Ke5 a2 55.Nxa2 Kxa2
56.Kf6 h4 57.Kxg6 h3 58.Kf7 h2 59.g6 h1=Q  0-1